|
|
|
|
| LEADER |
00000nab a2200000 a 4500 |
| 001 |
vtls000014161 |
| 003 |
SK-MaSNL |
| 005 |
20260426102250.0 |
| 008 |
250423c1978 xo 0 slo |
| 015 |
|
|
|a SNBRB19rr/mm-uuuuu
|
| 035 |
|
|
|a CL0024255
|
| 035 |
|
|
|a (urnnbn)urn:nbn:sk:snk:ar-a07p35
|
| 035 |
|
|
|a (uuid)42b1140b-26ef-4f73-adc2-3875f540504b
|
| 035 |
|
|
|a urn:nbn:sk:snk-ab8aq6
|
| 040 |
|
|
|a SNKBUCL
|b slo
|c SNKBUCL
|e AACR2
|
| 041 |
0 |
|
|a slo
|
| 044 |
|
|
|a xo
|c SK
|
| 080 |
|
|
|a 551.4
|2 1981
|
| 080 |
|
|
|a 502
|2 1981
|
| 100 |
1 |
|
|a Vološčuk, Ivan,
|d 1935-2024
|4 aut
|9 98514
|
| 245 |
1 |
0 |
|a Stav chránených území a prírodných výtvarov v CHKO- Malá Fatra
|c Ivan Vološčuk
|
| 300 |
|
|
|b Obr. 6.
|
| 610 |
2 |
7 |
|a Správa chránenej krajinnej oblasti Malá Fatra
|2 SNKPH
|9 220253
|
| 648 |
|
7 |
|a 1978
|2 SNK
|9 377332
|
| 650 |
0 |
7 |
|a ochrana prírody
|2 snkbucl
|9 3778
|
| 650 |
0 |
7 |
|a prírodné výtvory
|2 SNKPH
|9 58102
|
| 650 |
0 |
7 |
|a chránené krajinné oblasti
|2 SNKPH
|9 3798
|
| 651 |
|
7 |
|a Národný park Malá Fatra (Slovensko)
|2 snkbucl
|9 74705
|
| 655 |
|
7 |
|a články z novín a časopisov
|2 snkbucl
|9 267496
|
| 773 |
0 |
|
|t Pamiatky príroda
|g Č. 4 (1978), s. 26-28
|
| 850 |
|
|
|a Slovenská národná knižnica
|
| 852 |
|
|
|a Slovenská národná knižnica
|
| 954 |
|
|
|a odborná, vedecká literatúra pôvodná (slovenská)
|2 lita
|
| 958 |
|
|
|a article9
|
| 958 |
|
|
|a RK
|
| 958 |
|
|
|a OND
|
| 958 |
|
|
|a EUIPO
|
| 992 |
|
|
|a RBX
|
| 999 |
|
|
|c 3252889
|d 3254819
|